عبقرية عمر/ (Record no. 12576)
[ view plain ]
| 000 -LEADER | |
|---|---|
| fixed length control field | 00892nam a22001697a 4500 |
| 008 - FIXED-LENGTH DATA ELEMENTS--GENERAL INFORMATION | |
| fixed length control field | 090813t xxu||||| |||| 00| 0 eng d |
| 020 ## - INTERNATIONAL STANDARD BOOK NUMBER | |
| International Standard Book Number | 9770192678 |
| 082 ## - DEWEY DECIMAL CLASSIFICATION NUMBER | |
| Classification number | 239.9 |
| Item number | ع ق ا |
| 245 ## - TITLE STATEMENT | |
| Title | عبقرية عمر/ |
| Statement of responsibility, etc | عباس محمود العقاد |
| 260 ## - PUBLICATION, DISTRIBUTION, ETC. (IMPRINT) | |
| Place of publication, distribution, etc | القاهرة: |
| Name of publisher, distributor, etc | الهيئة المصرية العامة للكتاب، |
| Date of publication, distribution, etc | 2004 |
| 300 ## - PHYSICAL DESCRIPTION | |
| Extent | ؛ 269 ص |
| Dimensions | 18 سم |
| 490 ## - Series Statement | |
| Series statement | الفكر الدينى الحديث |
| 650 ## - SUBJECT ADDED ENTRY--TOPICAL TERM | |
| 9 (RLIN) | 8440 |
| Topical term or geographic name as entry element | الصحابة والتابعون |
| 942 ## - ADDED ENTRY ELEMENTS (KOHA) | |
| Source of classification or shelving scheme | Dewey Decimal Classification |
| Item type | Book - Borrowing |
| Withdrawn status | Item status | Source of classification or shelving scheme | Damaged status | Not for loan | Vendor | Home library | Current library | Shelving location | Date acquired | Source of acquisition | Total Checkouts | Total Renewals | Full call number | Barcode | Date last seen | Date last borrowed | Koha item type | Checked out |
|---|---|---|---|---|---|---|---|---|---|---|---|---|---|---|---|---|---|---|
| Dewey Decimal Classification | Alef-Baa | Central Library | Central Library | Lower Floor | 13/08/2009 | 10 | 60 | 239.9 عبق | 000017896 | 15/07/2025 | 21/01/2021 | Book - Borrowing | ||||||
| Dewey Decimal Classification | Alef-Baa | Central Library | Central Library | Lower Floor | 13/08/2009 | 6 | 11 | 239.9 عبق | 000017895 | 14/08/2014 | 14/08/2014 | Book - Borrowing | 05/04/2015 |